<?xml version="1.0" encoding="UTF-8"?>
<collection xmlns="http://www.loc.gov/MARC21/slim">
    <record>
        <controlfield tag="001">79108</controlfield>
        <controlfield tag="005">20201009175922.0</controlfield>
        <datafield tag="024" ind1="7" ind2=" ">
            <subfield code="2">doi</subfield>
            <subfield code="a">10.1016/j.poly.2016.05.040</subfield>
        </datafield>
        <datafield tag="024" ind1="8" ind2=" ">
            <subfield code="2">sideral</subfield>
            <subfield code="a">97475</subfield>
        </datafield>
        <datafield tag="037" ind1=" " ind2=" ">
            <subfield code="a">ART-2016-97475</subfield>
        </datafield>
        <datafield tag="041" ind1=" " ind2=" ">
            <subfield code="a">eng</subfield>
        </datafield>
        <datafield tag="100" ind1=" " ind2=" ">
            <subfield code="a">Giardina-Papa, Daniela</subfield>
        </datafield>
        <datafield tag="245" ind1=" " ind2=" ">
            <subfield code="a">Synthesis and reactivity of phosphanido bridged 1, 1'-bis(diphenylphosphino)ferrocene complexes [(RF)2Pt(µ-PPh2)2M(dppf)] [M = Pt, Pd]</subfield>
        </datafield>
        <datafield tag="260" ind1=" " ind2=" ">
            <subfield code="c">2016</subfield>
        </datafield>
        <datafield tag="506" ind1="0" ind2=" ">
            <subfield code="a">Access copy available to the general public</subfield>
            <subfield code="f">Unrestricted</subfield>
        </datafield>
        <datafield tag="520" ind1="3" ind2=" ">
            <subfield code="a">Hetero-trinuclear complexes of formula (C6F5)2Pt(µ-PPh2)2M(dppf)] dppf = 1, 1'-bis(diphenylphosphino)ferrocene, M = Pt (1), M = Pd (2)] were prepared by coupling between cis-(C6F5)2Pt(PPh2)2]Li2 and cis-MCl2(dppf). Reaction of the Pt/Pt/Fe species 1 with Ag(OClO3)(PPh3)] or I2 resulted in the formation of the complexes (C6F5)(PPh3)Pt(µ-PPh2)2Pt(dppf)] (3) and (C6F5)(I)Pt(µ-PPh2)2Pt(dppf)] (4), respectively, in which one of the pentafluorophenyl ligands has been replaced by PPh3 or I. Reaction of the Pt/Pd/Fe species 2 with Ag(ClO4) afforded the tetranuclear complex (C6F5)2Pt(µ-PPh2)2Pd(dppf)Ag] (5) where the silver atom is bonded to Pd, to one of the bridging P and to one of the dppf P atoms. With Ag(OClO3)(PPh3)], complex 5 is also formed, although mixed with Ag(PPh3)2]ClO4]. A dynamic process in solution, in which the silver atom passes from one Pd–µPPh2 bond to the other, has been observed at room temperature for complex 5. The crystal structures of 3, 4 and 5 are reported.</subfield>
        </datafield>
        <datafield tag="536" ind1=" " ind2=" ">
            <subfield code="9">info:eu-repo/grantAgreement/ES/UZ-IBERCAJA-CAI/CB28-07</subfield>
            <subfield code="9">info:eu-repo/grantAgreement/ES/MINECO-FEDER/CTQ2015-67461-P</subfield>
            <subfield code="9">info:eu-repo/grantAgreement/ES/DGA/E21</subfield>
        </datafield>
        <datafield tag="540" ind1=" " ind2=" ">
            <subfield code="9">info:eu-repo/semantics/openAccess</subfield>
            <subfield code="a">by-nc-nd</subfield>
            <subfield code="u">http://creativecommons.org/licenses/by-nc-nd/3.0/es/</subfield>
        </datafield>
        <datafield tag="590" ind1=" " ind2=" ">
            <subfield code="a">1.926</subfield>
            <subfield code="b">2016</subfield>
        </datafield>
        <datafield tag="591" ind1=" " ind2=" ">
            <subfield code="a">CRYSTALLOGRAPHY</subfield>
            <subfield code="b">13 / 26 = 0.5</subfield>
            <subfield code="c">2016</subfield>
            <subfield code="d">Q2</subfield>
            <subfield code="e">T2</subfield>
        </datafield>
        <datafield tag="591" ind1=" " ind2=" ">
            <subfield code="a">CHEMISTRY, INORGANIC &amp; NUCLEAR</subfield>
            <subfield code="b">22 / 46 = 0.478</subfield>
            <subfield code="c">2016</subfield>
            <subfield code="d">Q2</subfield>
            <subfield code="e">T2</subfield>
        </datafield>
        <datafield tag="592" ind1=" " ind2=" ">
            <subfield code="a">0.482</subfield>
            <subfield code="b">2016</subfield>
        </datafield>
        <datafield tag="593" ind1=" " ind2=" ">
            <subfield code="a">Materials Chemistry</subfield>
            <subfield code="c">2016</subfield>
            <subfield code="d">Q2</subfield>
        </datafield>
        <datafield tag="593" ind1=" " ind2=" ">
            <subfield code="a">Physical and Theoretical Chemistry</subfield>
            <subfield code="c">2016</subfield>
            <subfield code="d">Q3</subfield>
        </datafield>
        <datafield tag="593" ind1=" " ind2=" ">
            <subfield code="a">Inorganic Chemistry</subfield>
            <subfield code="c">2016</subfield>
            <subfield code="d">Q3</subfield>
        </datafield>
        <datafield tag="655" ind1=" " ind2="4">
            <subfield code="a">info:eu-repo/semantics/article</subfield>
            <subfield code="v">info:eu-repo/semantics/acceptedVersion</subfield>
        </datafield>
        <datafield tag="700" ind1=" " ind2=" ">
            <subfield code="0">(orcid)0000-0002-5881-9698</subfield>
            <subfield code="a">Ara, Irene</subfield>
            <subfield code="u">Universidad de Zaragoza</subfield>
        </datafield>
        <datafield tag="700" ind1=" " ind2=" ">
            <subfield code="a">Ibáñez, Susana</subfield>
        </datafield>
        <datafield tag="700" ind1=" " ind2=" ">
            <subfield code="a">Mastrorilli, Piero</subfield>
        </datafield>
        <datafield tag="700" ind1=" " ind2=" ">
            <subfield code="a">Gallo, Vito.</subfield>
        </datafield>
        <datafield tag="700" ind1=" " ind2=" ">
            <subfield code="0">(orcid)0000-0003-1374-5880</subfield>
            <subfield code="a">Forniés, Juan</subfield>
            <subfield code="u">Universidad de Zaragoza</subfield>
        </datafield>
        <datafield tag="710" ind1="2" ind2=" ">
            <subfield code="1">2010</subfield>
            <subfield code="2">760</subfield>
            <subfield code="a">Universidad de Zaragoza</subfield>
            <subfield code="b">Dpto. Química Inorgánica</subfield>
            <subfield code="c">Área Química Inorgánica</subfield>
        </datafield>
        <datafield tag="773" ind1=" " ind2=" ">
            <subfield code="g">120 (2016), 44-53 [39 pp.]</subfield>
            <subfield code="p">Polyhedron</subfield>
            <subfield code="t">POLYHEDRON</subfield>
            <subfield code="x">0277-5387</subfield>
        </datafield>
        <datafield tag="856" ind1="4" ind2=" ">
            <subfield code="s">648348</subfield>
            <subfield code="u">http://zaguan.unizar.es/record/79108/files/texto_completo.pdf</subfield>
            <subfield code="y">Postprint</subfield>
        </datafield>
        <datafield tag="856" ind1="4" ind2=" ">
            <subfield code="s">42332</subfield>
            <subfield code="u">http://zaguan.unizar.es/record/79108/files/texto_completo.jpg?subformat=icon</subfield>
            <subfield code="x">icon</subfield>
            <subfield code="y">Postprint</subfield>
        </datafield>
        <datafield tag="909" ind1="C" ind2="O">
            <subfield code="o">oai:zaguan.unizar.es:79108</subfield>
            <subfield code="p">articulos</subfield>
            <subfield code="p">driver</subfield>
        </datafield>
        <datafield tag="951" ind1=" " ind2=" ">
            <subfield code="a">2020-10-09-17:46:33</subfield>
        </datafield>
        <datafield tag="980" ind1=" " ind2=" ">
            <subfield code="a">ARTICLE</subfield>
        </datafield>
    </record>

    
</collection>